书目信息 |
| 题名: |
太平洋战争 1941-1945 上册
|
|
| 作者: | 科斯特洛 著 | |
| 分册: | ||
| 出版信息: | 北京 东方出版社 1985.08 |
|
| 页数: | 440页 | |
| 开本: | 32开 | |
| 丛书名: | ||
| 单 册: | ||
| 中图分类: | K152 | |
| 科图分类: | ||
| 主题词: | 世界史:现代史 | |
| 电子资源: | ||
| ISBN: | 7-5060-0221-3 | |
| 000 | 00573nam0 2200193 45 | |
| 001 | 0009190501 | |
| 005 | 20000919060039.5 | |
| 010 | @a7-5060-0221-3@d17.00元 | |
| 100 | @a20000919d1985 km y0chiy0120 ea | |
| 101 | 0 | @achi |
| 105 | @a z 000yy | |
| 200 | 1 | @a太平洋战争 1941-1945 上册@ATai Ping Yang Zhan Zheng 1941-1945 Shang Ce@f科斯特洛著@FKe Si Te Luo Zhu |
| 210 | @a北京@c东方出版社@d1985.08 | |
| 215 | @a440页@d32开 | |
| 606 | 0 | @a世界史:现代史 |
| 690 | @aK152@v3 | |
| 701 | 0 | @a科斯特洛@4著 |
| 801 | @aCN@bPftUser@c20000919 | |
| 905 | @b197647-648@dK152@eK820:1@f2 | |
| 太平洋战争 1941-1945 上册/科斯特洛著.-北京:东方出版社,1985.08 |
| 440页;32开 |
| ISBN 7-5060-0221-3:17.00元 |
| ● |
| 相关链接 |
|
|
|
正题名:太平洋战争1941-1945上册
索取号:K152/K820:1
 
预约/预借
| 序号 | 登录号 | 条形码 | 馆藏地/架位号 | 状态 | 备注 |
| 1 | 197647 | 201976479 | 自科二线404/400A自科库 5排3列6层/ [索取号:K152/K820:1] | 在馆 | |
| 2 | 197648 | 201976488 | 社科库309/309社科库 105排2列2层/ [索取号:K152/K820:1] | 在馆 |